[Event "ESP-ch U10"]
[White "Zeng, Junze"]
[Black "Ezcurra Garzo, Adrian"]
[Site "Salobrena"]
[Round "4"]
[Result "1-0"]
[Date "2024.07.03"]
[WhiteElo "1720"]
[BlackElo "1830"]
[PlyCount "143"]
[EventDate "2024.07.01"]
[EventType "swiss"]
[EventRounds "9"]
[EventCountry "ESP"]
[SourceTitle "EXT 2025"]
[Source "ChessBase"]
[SourceDate "2024.10.14"]
[SourceVersion "1"]
[SourceVersionDate "2024.10.14"]
[SourceQuality "1"]

1. e4 c5 2. Nf3 Nc6 3. c3 Nf6 4. d3 g6 5. Be2 Bg7 6. h3 0-0 7. Be3 d6 8. 0-0 h6 9. Nbd2 e5 10. Nh2 Ne8 11. f4 f5 12. fxe5 dxe5 13. Bxc5 Nd6 14. Qb3+ Kh7 15. exf5 gxf5 16. Nc4 Be6 17. Bxd6 Bxc4 18. Qxc4 Qxd6 19. Nf3 Qg6 20. Nh4 Qg5 21. Nxf5 Rxf5 22. Qe4 Ne7 23. Bg4 Raf8 24. Bxf5+ Nxf5 25. g4 Qe3+ 26. Qxe3 Nxe3 27. Rxf8 Bxf8 28. Re1 Bc5 29. Kh2 Kg6 30. Kg3 Kf6 31. Kf3 Nd5 32. h4 Nf4 33. d4 Bd6 34. Rf1 Ng6 35. Ke4+ Ke6 36. g5 hxg5 37. hxg5 Be7 38. Rg1 exd4 39. cxd4 Kf7 40. d5 Nf8 41. Kf5 Ng6 42. Rh1 Kg7 43. Rg1 Kf7 44. Rc1 Bd6 45. Re1 Nf8 46. Rh1 Kg7 47. Rh6 Be7 48. d6 Bd8 49. Rh1 Kf7 50. Rc1 Bb6 51. Rc8 Nd7 52. b4 a6 53. a4 a5 54. b5 Bc5 55. g6+ Kg7 56. Rc7 b6 57. Rxd7+ Kg8 58. Ke6 Kf8 59. Re7 Bb4 60. g7+ Kg8 61. d7 Bxe7 62. Kxe7 Kxg7 63. d8Q Kg6 64. Qf8 Kg5 65. Ke6 Kg4 66. Ke5 Kg3 67. Ke4 Kg2 68. Ke3 Kg1 69. Ke2 Kg2 70. Qg8+ Kh3 71. Kf3 Kh2 72. Qg2# 1-0